000
00298nam a2200097Ia 4500
008
230915s9999 xx 000 0 und d
050
_a
PE 1128.42.S33 1992
100
_a
Scarcella, Robin C.
245
4
_a
The Tapestry of Language Learning The Individual in the Communicative Classroom
942
_c
BK
999
_c
174276
_d
174276